000 00654nam a2200217 i 4500
001 94233
003 ES-MaACL
005 20240229194805.0
007 t|
008 050728s1940 gw a |||| | ger d
080 _a72.036(430)"1933/1945"
080 _a72 Speer, Albert
245 0 4 _aDie neue Reichskanzlei
_b: architekt Albert Speer.
260 _aMünchen :
_bZentralverlag der Nsdap,
_c[1940]
300 _a132 p. :
_bil. ;
_c28 cm.
650 1 7 _aArquitectura alemana
_2
_9161465
651 4 _aAlemania-
_xPolítica y gobierno-
_y1933-1945.
_9140301
700 1 _aSpeer, Albert.
_9180584
852 _aES-MaACL
_jB-9706
999 _c94233
_d94233